000 00724nam a22002057a 4500
003 OSt
005 20251125143650.0
008 251125b |||||||| |||| 00| 0 eng d
020 _a978-0-471-78277-3.
040 _aDWCL-Main lib
_cOC
082 _29th ed.
_aCirc. 647.94 B278i 2009
100 _aBarrowws, Clayton W.
245 _aIntroduction to management in the hospitality industry 9th ed.
_cBarrows, Clayton W.
260 _aN. J. :
_bJohn Wiley & Sons, Inc.,
_cc2009.
300 _axxiii, 695 pages :
_bcolored illustration ;
_c24 cm.
504 _aIncludes bibliographical references and index.
650 _21. Hospitality industry-Management.
700 _aPowers, Tom
942 _2ddc
_cBK-CIRC
_e9th edd.
_kCirc.
_n0
999 _c6294
_d6294